[Event "33rd Leon Blitz Open 2020"]
[Site "chess.com INT"]
[Date "2020.07.14"]
[Round "1"]
[White "Vitiugov, Nikita"]
[Black "Pon, Matt"]
[Result "1-0"]
[WhiteTitle "GM"]
[BlackTitle "FM"]
[WhiteElo "2722"]
[BlackElo "2185"]
[WhiteFideId "4152956"]
[BlackFideId "14301644"]
[EventDate "2020.07.14"]
[EventType "blitz"]

1. d4 Nf6 2. Bg5 d5 3. e3 Bf5 4. c4 c6 5. Nc3 e6 6. Qb3 Qb6 7. c5 Qc7 8. Bf4 Qc8
9. h3 h6 10. Nf3 Be7 11. Be2 O-O 12. g4 Bg6 13. Ne5 Bh7 14. h4 Nfd7 15. g5 Nxe5
16. Bxe5 f6 17. gxf6 Bxf6 18. Bd6 Rd8 19. Bg4 Bf5 20. Bxf5 exf5 21. O-O-O b6 22.
e4 fxe4 23. Nxe4 Qf5 24. Nxf6+ Qxf6 25. Be5 Qf5 26. Rhg1 Rd7 27. Rd3 Na6 28.
Rdg3 g5 29. Qe3 bxc5 30. Rxg5+ hxg5 31. Rxg5+ Qxg5 32. Qxg5+ 1-0

[Event "33rd Leon Blitz Open 2020"]
[Site "chess.com INT"]
[Date "2020.07.14"]
[Round "1"]
[White "Gahan, M G"]
[Black "Plat, Vojtech"]
[Result "0-1"]
[WhiteTitle "FM"]
[BlackTitle "GM"]
[WhiteElo "2229"]
[BlackElo "2562"]
[WhiteFideId "5027373"]
[BlackFideId "325740"]
[EventDate "2020.07.14"]
[EventType "blitz"]

1. e4 c5 2. Nf3 Nc6 3. c3 Nf6 4. e5 Nd5 5. d4 cxd4 6. cxd4 d6 7. Bc4 Nb6 8. Bb5
e6 9. a3 Bd7 10. Nc3 a6 11. Bd3 d5 12. O-O Be7 13. Bc2 Rc8 14. Qd3 Na5 15. Bf4
Nac4 16. Rab1 Qc7 17. Bd2 Nxd2 18. Nxd2 Nc4 19. Nxc4 Qxc4 20. Rfd1 Qxd3 21. Rxd3
f5 22. Bd1 g6 23. Na4 Rc6 24. b4 Kf7 25. Nc5 Bc8 26. Ba4 Rc7 27. Bb3 b6 28. Na4
Rc6 29. Kf1 Bd7 30. Ke2 Rhc8 31. f4 g5 32. g3 gxf4 33. gxf4 Be8 34. Rg1 Kf8 35.
Rdg3 Bg6 36. Kd2 Kf7 37. Rc3 Rxc3 38. Nxc3 b5 39. Rc1 Bh4 40. Ne2 Rxc1 41. Kxc1
Bf2 42. Kd2 Bh5 43. Bd1 Bxe2 44. Bxe2 Bxd4 45. a4 bxa4 46. Bxa6 a3 0-1

[Event "33rd Leon Blitz Open 2020"]
[Site "chess.com INT"]
[Date "2020.07.14"]
[Round "1"]
[White "Sammed Jaykumar, Shete"]
[Black "Suvrajit, Saha"]
[Result "1-0"]
[WhiteTitle "IM"]
[BlackTitle "IM"]
[WhiteElo "2412"]
[BlackElo "2198"]
[WhiteFideId "5073421"]
[BlackFideId "5002532"]
[EventDate "2020.07.14"]
[EventType "blitz"]

1. e4 c6 2. Nf3 g6 3. Nc3 Bg7 4. d4 d5 5. h3 dxe4 6. Nxe4 Nf6 7. Bd3 Nxe4 8.
Bxe4 f5 9. Bd3 Bxd4 10. Nxd4 Qxd4 11. O-O O-O 12. c3 Qf6 13. f4 Be6 14. Qe2 Nd7
15. Be3 Qf7 16. Rfe1 Rfe8 17. c4 Nf6 18. Bd4 Bd7 19. b3 b6 20. c5 b5 21. Be5 Nd5
22. Rad1 Be6 23. Ba1 Bd7 24. Qe5 Nf6 25. Bxb5 cxb5 26. Rxd7 Rad8 27. Rxa7 Rd5
28. Qc3 Qf8 29. c6 Rc8 30. Raxe7 1-0

[Event "33rd Leon Blitz Open 2020"]
[Site "chess.com INT"]
[Date "2020.07.14"]
[Round "1"]
[White "Sadovsky, Artem"]
[Black "Simonovic, Miroslav"]
[Result "1-0"]
[WhiteTitle "IM"]
[BlackTitle "CM"]
[WhiteElo "2421"]
[BlackElo "2129"]
[WhiteFideId "4155840"]
[BlackFideId "919152"]
[EventDate "2020.07.14"]
[EventType "blitz"]

1. Nf3 c5 2. b3 Nc6 3. Bb2 d6 4. e3 e5 5. d4 e4 6. Nfd2 cxd4 7. exd4 d5 8. c4
Bb4 9. Be2 f5 10. cxd5 Qxd5 11. Bc4 Qd6 12. O-O Nf6 13. a3 Bxd2 14. Qxd2 Be6 15.
Nc3 Nd5 16. Nxd5 Bxd5 17. Rac1 O-O 18. Bxd5+ Qxd5 19. Rc5 Qxb3 20. d5 Qb6 21.
Qc3 Rf7 22. dxc6 bxc6 23. Rxc6 Qb7 24. Rc1 h6 25. Rc8+ Kh7 26. Rxa8 Qxa8 27. Qe5
Qd8 28. h4 g5 29. hxg5 hxg5 30. Qh2+ Kg6 31. Rc6+ Rf6 32. Rxf6+ Qxf6 33. Bxf6 1-0

[Event "33rd Leon Blitz Open 2020"]
[Site "chess.com INT"]
[Date "2020.07.14"]
[Round "1"]
[White "Hnydiuk, Aleksander"]
[Black "Ramoutar, Alan-Safar"]
[Result "1-0"]
[WhiteTitle "IM"]
[BlackTitle "IM"]
[WhiteElo "2411"]
[BlackElo "2305"]
[WhiteFideId "1109057"]
[BlackFideId "7704224"]
[EventDate "2020.07.14"]
[EventType "blitz"]

1. d4 Nf6 2. c4 e6 3. g3 d5 4. Nf3 Be7 5. Bg2 O-O 6. O-O dxc4 7. Qc2 a6 8. Qxc4
b5 9. Qc2 Bb7 10. Bd2 Be4 11. Qc1 Nc6 12. e3 b4 13. Be1 Na5 14. Ne5 Bxg2 15.
Kxg2 c5 16. dxc5 Qd5+ 17. Nf3 Bxc5 18. Nd2 Rac8 19. Qd1 Rfd8 20. Qa4 Be7 21. e4
Nxe4 22. Nxe4 Qxe4 23. Qxa5 Rd3 24. Qxa6 Rcd8 25. Kg1 Qxf3 26. Rc1 h6 27. Rc7
Bf8 28. Qb7 Rd1 29. Qxf3 1-0

[Event "33rd Leon Blitz Open 2020"]
[Site "chess.com INT"]
[Date "2020.07.14"]
[Round "1"]
[White "Jobava, Baadur"]
[Black "Vlassov, Nikolai"]
[Result "1-0"]
[WhiteTitle "GM"]
[BlackTitle "IM"]
[WhiteElo "2603"]
[BlackElo "2352"]
[WhiteFideId "13601520"]
[BlackFideId "4103360"]
[EventDate "2020.07.14"]
[EventType "blitz"]

1. d4 Nf6 2. c4 Nc6 3. Nc3 e5 4. d5 Ne7 5. e4 Ng6 6. Be3 Bb4 7. Qc2 Ng4 8. Nf3
Nxe3 9. fxe3 O-O 10. O-O-O d6 11. Kb1 Bd7 12. Bd3 c6 13. g3 Qa5 14. Rc1 Ne7 15.
Nd2 Bxc3 16. Qxc3 Qxc3 17. Rxc3 c5 18. Kc2 f5 19. Rf1 g6 20. Ra3 a6 21. Rb3 b5
22. cxb5 axb5 23. Bxb5 Bxb5 24. Rxb5 Rxa2 25. Rb7 Rf7 26. Nc4 Ra6 27. Rd7 Nc8
28. Rd8+ Rf8 29. Rxf8+ Kxf8 30. exf5 gxf5 31. Rxf5+ Ke8 32. Rh5 Ra7 33. Rh6 Rd7
34. Kd3 Kd8 35. g4 Kc7 36. g5 Nb6 37. Nxb6 Kxb6 38. h4 Kb5 39. h5 c4+ 40. Ke4
Kc5 41. g6 hxg6 42. Rxg6 Rb7 43. Rg2 Rb4 44. Kf5 Kxd5 45. h6 c3 46. bxc3 Rh4 47.
Kg5 Rh3 48. Rg4 Rxe3 49. h7 1-0

[Event "33rd Leon Blitz Open 2020"]
[Site "chess.com INT"]
[Date "2020.07.14"]
[Round "1"]
[White "Ponkratov, Pavel"]
[Black "Matveev, Vladimir3"]
[Result "1-0"]
[WhiteTitle "GM"]
[BlackTitle "FM"]
[WhiteElo "2631"]
[BlackElo "2368"]
[WhiteFideId "4157800"]
[BlackFideId "24130753"]
[EventDate "2020.07.14"]
[EventType "blitz"]

1. d4 Nf6 2. c4 g6 3. Nc3 Bg7 4. e4 O-O 5. Nf3 d6 6. Be2 e5 7. O-O Nc6 8. d5 Ne7
9. b4 a5 10. Ba3 axb4 11. Bxb4 b6 12. a4 Re8 13. Re1 Bf8 14. Qd2 c5 15. Ba3 Ng4
16. h3 Bh6 17. Qb2 Nf6 18. Reb1 Ra6 19. Qb5 Nd7 20. Nh2 Rf8 21. Ng4 Bg7 22. Bc1
h5 23. Ne3 Kh7 24. Bd2 Bh6 25. Qb2 h4 26. Nb5 Nf6 27. Qc2 Bf4 28. Ra3 Kg7 29. a5
bxa5 30. Rba1 Ne8 31. Rxa5 Qd7 1-0

[Event "33rd Leon Blitz Open 2020"]
[Site "chess.com INT"]
[Date "2020.07.14"]
[Round "1"]
[White "Rustemov, Alexander"]
[Black "Horak, Martin"]
[Result "0-1"]
[WhiteTitle "GM"]
[BlackTitle "FM"]
[WhiteElo "2525"]
[BlackElo "2341"]
[WhiteFideId "4119002"]
[BlackFideId "367095"]
[EventDate "2020.07.14"]
[EventType "blitz"]

1. d4 Nf6 2. c4 e6 3. Nf3 b6 4. a3 Ba6 5. Qc2 Bb7 6. Nc3 c5 7. dxc5 Bxc5 8. Bf4
O-O 9. Rd1 a6 10. e3 Be7 11. h3 d6 12. Qd2 Ne8 13. Be2 Nd7 14. O-O Rc8 15. Rc1
Qc7 16. Rfd1 Nc5 17. b4 Nb3 18. Qa2 Nxc1 19. Rxc1 Nf6 20. Nd2 Rfd8 21. Nb3 Qb8
22. Qd2 Qa8 23. Bf1 d5 24. c5 bxc5 25. Na4 Ne4 26. Qe1 cxb4 27. Nb6 Rxc1 28.
Qxc1 Qa7 29. Qc7 Re8 30. a4 Bd8 31. Qd7 Nf6 32. Nc8 Nxd7 33. Nxa7 Bb6 0-1

[Event "33rd Leon Blitz Open 2020"]
[Site "chess.com INT"]
[Date "2020.07.14"]
[Round "1"]
[White "Dhulipalla, Bala Chandra Prasad"]
[Black "Pujari, Rucha"]
[Result "1-0"]
[WhiteTitle "IM"]
[BlackTitle "WIM"]
[WhiteElo "2441"]
[BlackElo "2244"]
[WhiteFideId "25005812"]
[BlackFideId "5024528"]
[EventDate "2020.07.14"]
[EventType "blitz"]

1. d4 d5 2. Bf4 Nf6 3. e3 e6 4. Nd2 Bd6 5. Ngf3 O-O 6. Bd3 Bxf4 7. exf4 Qd6 8.
g3 c5 9. dxc5 Qxc5 10. O-O Nc6 11. c3 Qb6 12. Nb3 Re8 13. Re1 Bd7 14. Qe2 Rad8
15. Ne5 g6 16. h4 Nxe5 17. fxe5 Nh5 18. Nd4 a6 19. Rad1 Qc5 20. Qe3 Ng7 21. Kh2
Rc8 22. g4 h5 23. gxh5 Nxh5 24. Rg1 Qe7 25. Rg5 Ng7 26. Rdg1 Kf8 27. h5 Nf5 28.
Bxf5 exf5 29. f4 Qf6 30. hxg6 fxg6 31. Qh3 Qf7 32. Rxg6 1-0

[Event "33rd Leon Blitz Open 2020"]
[Site "chess.com INT"]
[Date "2020.07.14"]
[Round "1"]
[White "Matlakov, Maxim"]
[Black "Shuvalov, Evgenij"]
[Result "1-0"]
[WhiteTitle "GM"]
[WhiteElo "2685"]
[BlackElo "2182"]
[WhiteFideId "4168003"]
[BlackFideId "4187237"]
[EventDate "2020.07.14"]
[EventType "blitz"]

1. d4 Nf6 2. Nf3 g6 3. g3 Bg7 4. Bg2 O-O 5. O-O d5 6. c3 b6 7. a4 c5 8. a5 Bb7
9. Bf4 Nbd7 10. Ne5 Nxe5 11. Bxe5 e6 12. Nd2 Ne8 13. Nf3 Nd6 14. Bxg7 Kxg7 15.
Ne5 f6 16. Nd3 Qc7 17. Nf4 Rfe8 18. h4 Nc4 19. axb6 axb6 20. Rxa8 Bxa8 21. b3
Nd6 22. c4 cxd4 23. cxd5 e5 24. Ne6+ Rxe6 25. dxe6 Bxg2 26. Kxg2 Qe7 27. Qc2
Qxe6 28. Qc6 Qe7 29. Rc1 Kh6 30. Qxb6 Ne4 31. Rc7 Qf8 32. Qb7 Qg8 33. Qxe4 Qxb3
34. Qb7 Qg8 35. Rf7 f5 36. Qe7 Qa8+ 37. Kh2 e4 38. Qg5# 1-0

[Event "33rd Leon Blitz Open 2020"]
[Site "chess.com INT"]
[Date "2020.07.14"]
[Round "1"]
[White "Castillo Pena, Patricia Evarista"]
[Black "Siddharth, Jagadeesh"]
[Result "0-1"]
[WhiteTitle "WCM"]
[BlackTitle "FM"]
[WhiteElo "1770"]
[BlackElo "2320"]
[WhiteFideId "6412106"]
[BlackFideId "5818320"]
[EventDate "2020.07.14"]
[EventType "blitz"]

1. d4 Nf6 2. e3 g6 3. Nf3 Bg7 4. Bd3 O-O 5. b3 d6 6. Bb2 Nbd7 7. O-O e5 8. Nbd2
Qe7 9. dxe5 dxe5 10. e4 Nh5 11. g3 Rd8 12. Qe2 Nc5 13. Nc4 Nxd3 14. cxd3 Bg4 15.
Qe3 Bxf3 16. Qxf3 Rd7 17. Rad1 Rad8 18. a4 Qe6 19. Kg2 c6 20. h3 b5 21. axb5
cxb5 22. Na5 Bf8 23. Bc3 Bc5 24. Rd2 Qb6 25. b4 Bd4 26. Bxd4 Rxd4 27. Nb3 Rxb4
28. Nc1 a5 29. Ne2 a4 30. Nc3 Nf6 31. g4 Rb3 32. Nd5 Nxd5 33. exd5 Qd4 34. Rfd1
Qxd5 35. Qxd5 Rxd5 36. d4 exd4 37. Rxd4 Rxd4 38. Rxd4 a3 39. Rd2 Rb2 40. Rd5 a2 0-1

[Event "33rd Leon Blitz Open 2020"]
[Site "chess.com INT"]
[Date "2020.07.14"]
[Round "1"]
[White "Albuquerque Junior, Wellington S."]
[Black "Starozhilov, Leonid"]
[Result "0-1"]
[WhiteElo "2209"]
[BlackElo "2318"]
[WhiteFideId "2151480"]
[BlackFideId "14106752"]
[EventDate "2020.07.14"]
[EventType "blitz"]

1. d4 Nf6 2. Nc3 g6 3. e4 d6 4. Bg5 Bg7 5. e5 Nfd7 6. Nd5 Nc6 7. Bb5 f6 8. exf6
exf6 9. Be3 O-O 10. Bc4 Kh8 11. Nf4 Nb6 12. Bb3 d5 13. h4 Re8 14. h5 g5 15. h6
Bf8 16. Nh5 Na5 17. Ng7 Re7 18. Qd3 Nac4 19. O-O-O a5 20. Bxc4 dxc4 21. Qc3 Qd5
22. b3 a4 23. bxc4 Nxc4 24. Nf3 Rxe3 25. fxe3 Ba3+ 26. Kb1 Qb5+ 27. Ka1 Bb2+ 28.
Qxb2 Qxb2# 0-1

[Event "33rd Leon Blitz Open 2020"]
[Site "chess.com INT"]
[Date "2020.07.14"]
[Round "1"]
[White "Aditya, Mittal"]
[Black "Firouzja, Alireza"]
[Result "0-1"]
[WhiteTitle "IM"]
[BlackTitle "GM"]
[WhiteElo "2438"]
[BlackElo "2728"]
[WhiteFideId "35042025"]
[BlackFideId "12573981"]
[EventDate "2020.07.14"]
[EventType "blitz"]

1. d4 Nf6 2. c4 g6 3. Nc3 Bg7 4. e4 d6 5. Be2 O-O 6. Be3 e5 7. d5 a5 8. g4 Na6
9. h4 Nc5 10. f3 h5 11. g5 Nfd7 12. Qd2 Nb6 13. O-O-O a4 14. Kb1 Bd7 15. Nh3 Qe7
16. Nf2 Rfd8 17. Rdg1 c6 18. Rd1 cxd5 19. Nxd5 Nxd5 20. Qxd5 Bc6 21. Qd2 Ne6 22.
Qb4 Nd4 23. Bxd4 exd4 24. Bd3 Qe5 25. Qd2 b5 26. f4 Qc5 27. cxb5 Bxb5 28. Rc1
Bxd3+ 29. Nxd3 Qb5 30. Rc2 Re8 31. Re1 Re7 32. Qe2 Rae8 33. Nf2 Qb7 34. Qc4 d5
35. Qxa4 dxe4 36. f5 gxf5 37. Qc4 d3 38. Rd2 e3 0-1

[Event "33rd Leon Blitz Open 2020"]
[Site "chess.com INT"]
[Date "2020.07.14"]
[Round "1"]
[White "Gimenez Aguirre, Alejo Ismael"]
[Black "Kushagra, Mohan"]
[Result "1-0"]
[WhiteTitle "IM"]
[BlackTitle "CM"]
[WhiteElo "2265"]
[BlackElo "2351"]
[WhiteFideId "32041667"]
[BlackFideId "25033638"]
[EventDate "2020.07.14"]
[EventType "blitz"]

1. e4 d6 2. d4 Nf6 3. Nc3 g6 4. Be3 c6 5. a4 Nbd7 6. f3 Bg7 7. Be2 O-O 8. Qd2 e5
9. g4 exd4 10. Bxd4 Re8 11. O-O-O a6 12. h4 b5 13. h5 Ne5 14. Bxe5 Rxe5 15. hxg6
hxg6 16. Qxd6 Qxd6 17. Rxd6 Re6 18. Rd8+ Re8 19. Rd1 Be6 20. Nh3 Nd7 21. Ng5 Nc5
22. Rd6 b4 23. Rxc6 Rac8 24. Rxc8 Rxc8 25. Nd1 Ba2 26. Kd2 Nxa4 27. Bxa6 Rd8+
28. Ke2 Be5 29. b3 Nc5 30. Bc4 Bf4 31. Rh8+ Kxh8 32. Nxf7+ Kg7 33. Nxd8 Bb1 34.
Bd3 Nxd3 35. Kxd3 Bxc2+ 1-0

[Event "33rd Leon Blitz Open 2020"]
[Site "chess.com INT"]
[Date "2020.07.14"]
[Round "1"]
[White "Savanovic, Aleksandar"]
[Black "Livaic, Leon"]
[Result "0-1"]
[WhiteTitle "IM"]
[BlackTitle "IM"]
[WhiteElo "2410"]
[BlackElo "2507"]
[WhiteFideId "914932"]
[BlackFideId "14531534"]
[EventDate "2020.07.14"]
[EventType "blitz"]

1. d4 Nf6 2. Bf4 e6 3. e3 b6 4. Nf3 Bb7 5. Nbd2 c5 6. c3 cxd4 7. exd4 Be7 8. h3
O-O 9. Be2 d6 10. O-O Nbd7 11. Bh2 Re8 12. Re1 Bf8 13. Bf1 a6 14. a4 Qc7 15. Nc4
g6 16. Be2 Rad8 17. Bf1 Qc6 18. Qb3 Qc7 19. Ncd2 h6 20. Rad1 e5 21. dxe5 dxe5
22. Bc4 Nc5 23. Qa2 Bd6 24. b4 Nce4 25. Nxe4 Nxe4 26. Qb3 Rc8 27. Bd3 Qxc3 28.
Qb1 f5 29. g4 Qxb4 30. gxf5 Nc3 31. Qc2 Bxf3 32. Rc1 Ne2+ 0-1

[Event "33rd Leon Blitz Open 2020"]
[Site "chess.com INT"]
[Date "2020.07.14"]
[Round "1"]
[White "Wagh, Suyog"]
[Black "Lauridsen, Jesper Morch"]
[Result "0-1"]
[WhiteTitle "FM"]
[BlackTitle "FM"]
[WhiteElo "2246"]
[BlackElo "2225"]
[WhiteFideId "25071688"]
[BlackFideId "1401890"]
[EventDate "2020.07.14"]
[EventType "blitz"]

1. Nf3 Nf6 2. d4 d5 3. c4 e6 4. Nc3 c5 5. cxd5 cxd4 6. Qa4+ b5 7. Nxb5 Bd7 8.
dxe6 fxe6 9. Ne5 Nc6 10. Nxd7 Bb4+ 11. Bd2 Bxd2+ 12. Kxd2 Ne4+ 13. Ke1 Qxd7 14.
Rc1 O-O 15. f3 Nf6 16. g3 Rac8 17. Bh3 d3 18. exd3 Ne5 19. Rxc8 Nxd3+ 20. Kf1
Rxc8 21. Qb3 Kh8 22. Bxe6 Rc1+ 23. Kg2 Nf4+ 24. gxf4 Qd2+ 25. Kh3 Rxh1 26. Nd6
Qxh2# 0-1

[Event "33rd Leon Blitz Open 2020"]
[Site "chess.com INT"]
[Date "2020.07.14"]
[Round "1"]
[White "Bagrationi, Dmitry"]
[Black "Rosenberg, Evan S"]
[Result "1-0"]
[WhiteTitle "FM"]
[WhiteElo "2316"]
[BlackElo "2125"]
[WhiteFideId "14105047"]
[BlackFideId "2019299"]
[EventDate "2020.07.14"]
[EventType "blitz"]

1. e4 e5 2. Nf3 Nc6 3. d4 exd4 4. Bc4 Nf6 5. O-O Nxe4 6. Re1 d5 7. Bxd5 Qxd5 8.
Nc3 Qh5 9. Nxe4 Be6 10. Neg5 O-O-O 11. Nxe6 fxe6 12. Rxe6 Bd6 13. Qe2 Rhe8 14.
h3 Ne5 15. Rxe8 Rxe8 16. Bd2 Nxf3+ 17. Qxf3 Qxf3 18. gxf3 Re2 19. Rd1 c5 20. Kf1
Re6 21. c3 d3 22. c4 Re2 23. Bc3 Rc2 24. Rxd3 Kc7 25. h4 g6 26. Rd5 b6 27. h5
Kc6 28. hxg6 hxg6 29. Rg5 Bf4 30. Rxg6+ Kb7 31. Re6 Bc1 32. Re2 Rxe2 33. Kxe2
Bf4 34. Kd3 Kc6 35. Ke4 Bc1 36. b3 Kd6 37. Be5+ Ke6 38. f4 a6 39. f5+ Kf7 40.
Kd5 Ba3 41. Kc6 b5 42. cxb5 axb5 43. Kxb5 Bb4 44. a4 Ke7 45. a5 1-0

[Event "33rd Leon Blitz Open 2020"]
[Site "chess.com INT"]
[Date "2020.07.14"]
[Round "1"]
[White "Bodnaruk, Anastasia"]
[Black "Johnson, Joel"]
[Result "1-0"]
[WhiteTitle "IM"]
[WhiteElo "2411"]
[BlackElo "2223"]
[WhiteFideId "4181751"]
[BlackFideId "2003821"]
[EventDate "2020.07.14"]
[EventType "blitz"]

1. e4 a6 2. d4 b5 3. Bd3 Bb7 4. Nf3 e6 5. O-O Nf6 6. e5 Nd5 7. c3 h6 8. Re1 d6
9. Be4 Nd7 10. Nbd2 g5 11. exd6 cxd6 12. Nf1 N7f6 13. Bd3 Rg8 14. a4 g4 15. Nh4
Nd7 16. Nf5 Qf6 17. axb5 axb5 18. Rxa8+ Bxa8 19. N5g3 h5 20. Bxb5 h4 21. Ne4 Qf5
22. Qa4 Nb6 23. Bxd7+ Ke7 24. Qa7 Nxd7 25. Qxa8 d5 26. Nc5 Nxc5 27. dxc5 Kf6 28.
Be3 g3 29. hxg3 hxg3 30. Nxg3 Qh7 31. Qa4 Rh8 32. Bd4+ Kg6 33. Bxh8 Qxh8 34.
Qg4+ Kf6 35. c6 Bd6 36. Qd4+ e5 37. Qxd5 Bc7 38. Qd7 1-0

[Event "33rd Leon Blitz Open 2020"]
[Site "chess.com INT"]
[Date "2020.07.14"]
[Round "1"]
[White "Sharmin, Samiha Shimmi"]
[Black "Yashas, D."]
[Result "0-1"]
[WhiteTitle "WCM"]
[BlackTitle "FM"]
[WhiteElo "1812"]
[BlackElo "2280"]
[WhiteFideId "10203087"]
[BlackFideId "5030196"]
[EventDate "2020.07.14"]
[EventType "blitz"]

1. e4 d5 2. exd5 Nf6 3. c4 e6 4. d4 exd5 5. Nc3 Be6 6. cxd5 Nxd5 7. Nf3 Be7 8.
Bd3 O-O 9. O-O Nc6 10. a3 Bg4 11. Be3 Re8 12. h3 Be6 13. Ne5 Nxe5 14. dxe5 Nxe3
15. fxe3 Bc5 16. Qe2 Qg5 17. Rf3 Qxe5 18. Kh1 Rad8 19. Raf1 g6 20. Ne4 Be7 21.
Bb1 Bd5 22. Rf4 f5 23. Nc3 Be6 24. e4 Bd6 25. Qf3 Qxf4 26. Qxf4 Bxf4 27. Rxf4
fxe4 28. Rxe4 Bf5 29. Rxe8+ Rxe8 30. Bxf5 gxf5 31. Nb5 c6 32. Nd4 Re1+ 33. Kh2
f4 34. b3 Re3 35. h4 c5 36. Nb5 a6 37. Nd6 Rxb3 38. a4 b5 39. axb5 axb5 40. h5
c4 41. h6 c3 42. Ne4 c2 0-1

[Event "33rd Leon Blitz Open 2020"]
[Site "chess.com INT"]
[Date "2020.07.14"]
[Round "1"]
[White "Calzetta Ruiz, Monica"]
[Black "Srihari, L R"]
[Result "1-0"]
[WhiteTitle "WGM"]
[BlackTitle "FM"]
[WhiteElo "2302"]
[BlackElo "2414"]
[WhiteFideId "2204185"]
[BlackFideId "46617116"]
[EventDate "2020.07.14"]
[EventType "blitz"]

1. e4 d6 2. d4 Nf6 3. Nc3 e5 4. Nf3 Nbd7 5. Bc4 Be7 6. O-O O-O 7. Re1 c6 8. a4
Qc7 9. b3 b6 10. Bb2 Bb7 11. Bd3 a6 12. Ne2 Rfe8 13. Ng3 Bf8 14. Qd2 exd4 15.
Nxd4 Nc5 16. Ndf5 Nfd7 17. Qg5 Ne5 18. Nh5 Qd8 19. Nh6+ Kh8 20. Nxf7+ Nxf7 21.
Bxg7+ Kg8 22. Nf6+ Qxf6 23. Qxf6 Bxg7 24. Qh4 Bxa1 25. Rxa1 Ne5 26. f4 Ncxd3 27.
cxd3 Ng6 28. Qg5 Kf7 29. Rf1 Rg8 30. Qh5 Kg7 31. Rf3 Raf8 32. f5 Ne5 33. Rh3 Rh8
34. Qh6+ Kf7 35. Qe6+ Kg7 36. Rg3+ Ng6 37. Rxg6+ hxg6 38. Qxg6# 1-0

[Event "33rd Leon Blitz Open 2020"]
[Site "chess.com INT"]
[Date "2020.07.14"]
[Round "1"]
[White "Motylev, Alexander"]
[Black "Hamley, Ryan"]
[Result "1-0"]
[WhiteTitle "GM"]
[WhiteElo "2641"]
[BlackElo "2089"]
[WhiteFideId "4121830"]
[BlackFideId "30959497"]
[EventDate "2020.07.14"]
[EventType "blitz"]

1. e4 e5 2. Nc3 Nc6 3. Bc4 Nf6 4. d3 Bc5 5. a3 a6 6. f4 exf4 7. Bxf4 d6 8. Nf3
Bg4 9. Qd2 O-O 10. O-O-O b5 11. Bb3 b4 12. axb4 Bxb4 13. Bg5 Bxf3 14. gxf3 Nd4
15. Qg2 Bxc3 16. bxc3 Nxb3+ 17. cxb3 Rb8 18. Kc2 Qe7 19. Bh6 Ne8 20. c4 Kh8 21.
Bd2 Nf6 22. Bc3 Rg8 23. Rhg1 c6 24. Qg5 Qe6 25. Rg3 h6 26. Qh4 d5 27. Rdg1 dxc4
28. dxc4 Rbd8 29. Rxg7 Rxg7 30. Qxh6+ 1-0

[Event "33rd Leon Blitz Open 2020"]
[Site "chess.com INT"]
[Date "2020.07.14"]
[Round "1"]
[White "Petkov, Momchil"]
[Black "Eswaran, Aksithi"]
[Result "1-0"]
[WhiteTitle "FM"]
[BlackTitle "WCM"]
[WhiteElo "2315"]
[BlackElo "1745"]
[WhiteFideId "2921642"]
[BlackFideId "2083485"]
[EventDate "2020.07.14"]
[EventType "blitz"]

1. e4 c5 2. Nf3 Nc6 3. Bb5 g6 4. Bxc6 bxc6 5. d4 cxd4 6. Qxd4 Nf6 7. e5 Nd5 8.
O-O Bg7 9. Qh4 O-O 10. c4 Nb6 11. Bh6 d6 12. Bxg7 Kxg7 13. Nc3 Bf5 14. Rad1 Qc7
15. exd6 exd6 16. b3 Rae8 17. Qd4+ Kg8 18. Qxd6 Qxd6 19. Rxd6 Re7 20. h3 Rc8 21.
Rfd1 Kg7 22. g4 Be6 23. Nd4 Bd7 24. c5 Nd5 25. Nxd5 cxd5 26. Rxd5 Bc6 27. Nxc6
Rxc6 28. Rd7 Re2 29. Rxa7 Rxc5 30. Rdd7 Rcc2 31. Rxf7+ Kh6 32. h4 g5 33. Ra6+ 1-0

[Event "33rd Leon Blitz Open 2020"]
[Site "chess.com INT"]
[Date "2020.07.14"]
[Round "1"]
[White "Villalba, Marcelo"]
[Black "Grigoriants, Sergey"]
[Result "0-1"]
[WhiteTitle "IM"]
[BlackTitle "GM"]
[WhiteElo "2258"]
[BlackElo "2542"]
[WhiteFideId "3701859"]
[BlackFideId "4130804"]
[EventDate "2020.07.14"]
[EventType "blitz"]

1. e4 c6 2. d4 d5 3. exd5 cxd5 4. Bd3 Nc6 5. c3 g6 6. Ne2 Bf5 7. Bxf5 gxf5 8.
Ng3 e6 9. Nd2 Nf6 10. Nf3 Ne4 11. Bf4 Bd6 12. Bxd6 Qxd6 13. Qe2 O-O-O 14. O-O-O
h5 15. Kb1 h4 16. Nf1 Kb8 17. N1d2 Rc8 18. Ne1 Na5 19. f3 Nxd2+ 20. Rxd2 Nc4 21.
Rc2 Rcg8 22. Nd3 Rg7 23. Ne5 Nxe5 24. dxe5 Qc5 25. Rd1 Rhg8 26. Qf1 Qe3 27. Re2
Qf4 28. h3 a6 29. Rd4 Qh2 30. Rdd2 Qg3 31. Kc2 Rc8 32. Qf2 Qxf2 33. Rxf2 Rc4 34.
Rd4 Rxd4 35. cxd4 f4 36. Kd3 Kc7 37. Rc2+ Kd7 38. b4 Rg8 39. a4 b6 40. Kd2 Rxg2+
41. Kd3 Rg3 0-1

[Event "33rd Leon Blitz Open 2020"]
[Site "chess.com INT"]
[Date "2020.07.14"]
[Round "1"]
[White "Sarkar, Justin"]
[Black "Klekowski, Maciej"]
[Result "0-1"]
[WhiteTitle "IM"]
[BlackTitle "GM"]
[WhiteElo "2380"]
[BlackElo "2506"]
[WhiteFideId "2010011"]
[BlackFideId "1132717"]
[EventDate "2020.07.14"]
[EventType "blitz"]

1. d4 Nf6 2. c4 g6 3. Nc3 Bg7 4. e4 d6 5. Be2 O-O 6. Bg5 Nbd7 7. Qd2 e5 8. Nf3
a5 9. Rd1 exd4 10. Nxd4 Nc5 11. f3 a4 12. O-O c6 13. Nc2 Qb6 14. Be3 Nfd7 15.
Rb1 Qc7 16. Rfd1 Re8 17. Qxd6 Qxd6 18. Rxd6 a3 19. b4 Bxc3 20. bxc5 f5 21. exf5
gxf5 22. Rb3 Bb2 23. Kf2 Ne5 24. Bd4 Nf7 25. Rf6 Bc1 0-1